A. WESLEY POWELL LEARNING RESOURCE CENTRE (WPLRC)

Wonderful Place to Learn, Research & Collaborate

Teaching elementary science / (Record no. 14914)

MARC details
000 -LEADER
fixed length control field 00887cam a2200265 a 4500
001 - ACCESSION NUMBER
control field 3787180
003 - CONTROL NUMBER IDENTIFIER
control field OSt
005 - DATE AND TIME OF LATEST TRANSACTION
control field 20201214160458.0
008 - FIXED-LENGTH DATA ELEMENTS--GENERAL INFORMATION
fixed length control field 840724s1984 caua b 001 0 eng
020 ## - INTERNATIONAL STANDARD BOOK NUMBER
International Standard Book Number 053403408X
040 ## - CATALOGING SOURCE
Original cataloging agency DLC
Transcribing agency DLC
Modifying agency DLC
050 00 - LIBRARY OF CONGRESS CALL NUMBER
Classification number LB1585
Item number .E84 1984
082 00 - DEWEY DECIMAL CLASSIFICATION NUMBER
Classification number 372.35'044
Edition number 19
100 1# - MAIN ENTRY--PERSONAL NAME
Personal name Esler, William K.
245 10 - TITLE STATEMENT
Title Teaching elementary science /
Statement of responsibility, etc. William K. Esler, Mary K. Esler.
250 ## - EDITION STATEMENT
Edition statement 4th ed.
260 ## - PUBLICATION, DISTRIBUTION, ETC. (IMPRINT)
Place of publication, distribution, etc. Belmont, Calif. :
Name of publisher, distributor, etc. Wadsworth Pub. Co.,
Date of publication, distribution, etc. c1984.
300 ## - PHYSICAL DESCRIPTION
Extent xiv, 540 p. :
Other physical details ill. ;
Dimensions 24 cm.
504 ## - BIBLIOGRAPHY, ETC. NOTE
Bibliography, etc Includes bibliographies and index.
650 #0 - SUBJECT ADDED ENTRY--TOPICAL TERM
Topical term or geographic name as entry element Science
General subdivision Study and teaching (Elementary)
700 1# - ADDED ENTRY--PERSONAL NAME
Personal name Esler, Mary K.
906 ## - LOCAL DATA ELEMENT F, LDF (RLIN)
a 7
b cbc
c orignew
d 1
e ocip
f 19
g y-gencatlg
942 ## - ADDED ENTRY ELEMENTS (KOHA)
Source of classification or shelving scheme Dewey Decimal Classification
Koha item type Books
Holdings
Withdrawn status Lost status Source of classification or shelving scheme Damaged status Not for loan Home library Current library Date acquired Total Checkouts Full call number Barcode Date last seen Cost, replacement price Price effective from Koha item type
    Dewey Decimal Classification     Wesley Powell Learning Resource Centre Wesley Powell Learning Resource Centre 12/14/2020   372.35'044/ELS 47538 12/14/2020 0.00 12/14/2020 Books